<?xml version="1.0" encoding="UTF-8"?>
<marc:record xmlns:marc="http://www.loc.gov/MARC21/slim">
   <marc:leader>00000nam a2200000 a 4500</marc:leader>
   <marc:datafield ind1="1" ind2=" " tag="100">
      <marc:subfield code="a">Bong, Jörg</marc:subfield>
      <marc:subfield code="4">aut</marc:subfield>
      <marc:subfield code="e">Verfasser/-in</marc:subfield>
   </marc:datafield>
   <marc:datafield ind1="1" ind2=" " tag="100">
      <marc:subfield code="a">Elson, Simon</marc:subfield>
   </marc:datafield>
   <marc:datafield ind1=" " ind2=" " tag="653">
      <marc:subfield code="a">Revolution</marc:subfield>
   </marc:datafield>
   <marc:datafield ind1=" " ind2=" " tag="653">
      <marc:subfield code="a">Revolution 1848</marc:subfield>
   </marc:datafield>
   <marc:datafield ind1=" " ind2=" " tag="653">
      <marc:subfield code="a">Deutsche Revolution</marc:subfield>
   </marc:datafield>
   <marc:datafield ind1=" " ind2=" " tag="653">
      <marc:subfield code="a">Märzaufstände</marc:subfield>
   </marc:datafield>
   <marc:datafield ind1=" " ind2=" " tag="653">
      <marc:subfield code="a">Deutsche Legion</marc:subfield>
   </marc:datafield>
   <marc:datafield ind1=" " ind2=" " tag="653">
      <marc:subfield code="a">Heckerzug</marc:subfield>
   </marc:datafield>
   <marc:datafield ind1=" " ind2=" " tag="653">
      <marc:subfield code="a">175 Jahre Revolution von 1848</marc:subfield>
   </marc:datafield>
   <marc:datafield ind1=" " ind2=" " tag="653">
      <marc:subfield code="a">adelige Willkürherrschaft</marc:subfield>
   </marc:datafield>
   <marc:datafield ind1=" " ind2=" " tag="653">
      <marc:subfield code="a">Freischar</marc:subfield>
   </marc:datafield>
   <marc:datafield ind1=" " ind2=" " tag="653">
      <marc:subfield code="a">Georg und Emma Herwegh</marc:subfield>
   </marc:datafield>
   <marc:datafield ind1=" " ind2=" " tag="653">
      <marc:subfield code="a">Heinrich Heine</marc:subfield>
   </marc:datafield>
   <marc:datafield ind1=" " ind2=" " tag="653">
      <marc:subfield code="a">Ferdinand Freiligrath</marc:subfield>
   </marc:datafield>
   <marc:datafield ind1=" " ind2=" " tag="653">
      <marc:subfield code="a">Georg Werth</marc:subfield>
   </marc:datafield>
   <marc:datafield ind1=" " ind2=" " tag="653">
      <marc:subfield code="a">Friedrich Hecke</marc:subfield>
   </marc:datafield>
   <marc:datafield ind1=" " ind2=" " tag="653">
      <marc:subfield code="a">Softcover / Sachbücher/Geschichte</marc:subfield>
   </marc:datafield>
   <marc:datafield ind1="0" ind2="0" tag="245">
      <marc:subfield code="a">Die Flamme der Freiheit</marc:subfield>
   </marc:datafield>
   <marc:datafield ind1="0" ind2="0" tag="245">
      <marc:subfield code="b">die deutsche Revolution 1848/1849</marc:subfield>
   </marc:datafield>
   <marc:datafield ind1="0" ind2="0" tag="245">
      <marc:subfield code="c">Jörg Bong ; redaktionelle Mitarbeit von Simon Elson</marc:subfield>
   </marc:datafield>
   <marc:datafield ind1=" " ind2="1" tag="264">
      <marc:subfield code="a">Köln</marc:subfield>
      <marc:subfield code="b">Kiepenheuer &amp; Witsch</marc:subfield>
      <marc:subfield code="c">2022</marc:subfield>
   </marc:datafield>
   <marc:datafield ind1=" " ind2=" " tag="250">
      <marc:subfield code="a">1. Auflage</marc:subfield>
   </marc:datafield>
   <marc:datafield ind1="1" ind2=" " tag="520">
      <marc:subfield code="a">Angaben aus der Verlagsmeldung

Die Flamme der Freiheit : Die deutsche Revolution 1848/1849 / von Jörg Bong

Am 24. Februar 1848 wird in Paris nach 1789 zum dritten Mal Revolution gemacht, die Monarchie gestürzt und die Republik ausgerufen. Und endlich springt der revolutionäre Funke auch über den Rhein.

In den vierunddreißig deutschen Staaten und vier freien Städten der Zeit beginnen Aufstände gegen die herrschenden Polizei- und Militärmonarchien, gegen die Willkürherrschaft des »Deutschen Bundes«. Zum ersten Mal erhebt die Demokratie auch in deutschen Ländern ihr Haupt: direkte, allgemeine Wahlen, Republik, eine freiheitliche Verfassung, Grundrechte, Gewaltenteilung, sozialer Ausgleich. Es beginnt der dramatische Kampf für die Werte, die für uns heute die scheinbar selbstverständlichen Grundlagen unseres Gemeinwesens sind. 

Aber nur eine Partei der Opposition will die »ganze Revolution«, eine »demokratische Bunderepublik«. Die Liberalen, vor allem die »Konstitutionellen« – die sich bald »Ordnungspartei« nennen – wollen an der Monarchie festhalten, wenn auch in reformierter Form. Und sie, die Ordnungspartei und die neuen Märzregierungen, sind es, die mit den Fürsten die Revolution mit Bajonetten verhindern …

In einer großen Erzählung entwirft der Literaturwissenschaftler Jörg Bong ein atemberaubendes Panorama einer Zeit im Umbruch: Von den ersten revolutionären Versammlungen Ende Februar bis hin zu den Schlachten einer demokratischen »Armee der Freiheit« gegen die Truppen des Bundes.

</marc:subfield>
   </marc:datafield>
   <marc:datafield ind1=" " ind2=" " tag="020">
      <marc:subfield code="a">9783462003130</marc:subfield>
      <marc:subfield code="9">9783462003130</marc:subfield>
   </marc:datafield>
   <marc:datafield ind1=" " ind2=" " tag="020">
      <marc:subfield code="a">3462003135</marc:subfield>
      <marc:subfield code="9">3462003135</marc:subfield>
   </marc:datafield>
   <marc:datafield ind1=" " ind2=" " tag="041">
      <marc:subfield code="a">ger</marc:subfield>
   </marc:datafield>
   <marc:datafield ind1=" " ind2=" " tag="300">
      <marc:subfield code="a">553 Seiten</marc:subfield>
   </marc:datafield>
</marc:record>
